|
|
|
|
| LEADER |
00000nam a2200000 a 4500 |
| 001 |
vtls001345186 |
| 003 |
SK-MaSNL |
| 005 |
20260301200715.0 |
| 008 |
251113s1990 xr 0 cze |
| 020 |
|
|
|a 8070210699
|
| 035 |
|
|
|a SNK000298402
|
| 040 |
|
|
|a SNK
|b slo
|c SNK
|e AACR2
|
| 041 |
0 |
|
|a cze
|
| 044 |
|
|
|a CZ
|
| 080 |
|
|
|a 081 Havel, V.
|2 1981
|
| 100 |
1 |
|
|a Havel, Václav,
|d 1936-2011
|4 aut
|9 151003
|
| 245 |
1 |
0 |
|a Projevy
|b leden - červen 1990
|c Václav Havel ; uspoř.: Vilém Přečan
|
| 260 |
|
|
|a Praha
|b Vyšehrad
|c 1990
|
| 300 |
|
|
|a 182, [5] s.
|c 8°
|
| 490 |
1 |
|
|a Dokumenty demokratické revoluce
|v sv. 2
|
| 600 |
1 |
7 |
|a Havel, Václav,
|d 1936-2011
|9 151003
|
| 700 |
1 |
|
|a Přečan, Vilém
|4 ini
|9 580254
|
| 830 |
|
0 |
|a Dokumenty demokratické revoluce
|9 375330
|
| 852 |
|
|
|a Akadémia umení v Banskej Bystrici
|
| 919 |
|
|
|a 80-7021-069-9
|
| 958 |
|
|
|a RK
|
| 958 |
|
|
|a SV
|
| 958 |
|
|
|a OND
|
| 999 |
|
|
|c 891738
|d 893668
|
| 952 |
|
|
|t P60, <03>, [BOOK], {603}
|a SNK
|b SNK
|y PREZ
|7 0
|o snkSD 62460
|i snkKIP 8819/90
|0 0
|1 0
|4 0
|d 1998-10-14
|l 0
|r 2005-01-02 00:00:00
|w 2026-02-24
|
| 952 |
|
|
|a SNK
|b SNK
|y VYP
|7 0
|p 17A0887335
|o snkSD 62460 D1
|i snkKIP 8820/90
|0 0
|1 0
|4 0
|d 1998-10-14
|l 0
|r 2005-01-02 00:00:00
|w 2026-02-24
|